000 01021cam a2200181 a 4500
999 _c12
_d12
020 _a0205322042
020 _a9780205322046
050 0 0 _aBF76.5
_b.L48
100 1 _aLeary, Mark R.
245 1 0 _aIntroduction to behavioral research methods /
_cMark R. Leary.
250 _a3rd ed.
260 _aBoston :
_bAllyn and Bacon,
_c2001
300 _axv, 441 p. :
_bill. ;
_c25 cm.
500 _aIncludes index
505 _a1. Research in the behavioral sciences -- 2. Behavioral variability and research -- 3. The measurement of behavior -- 4. Approaches to psychological measurement -- 5. Descriptive research-- 6. Correlational research -- 7. Advanced correlational strategies -- 8. Basic issues in experimental research -- 9. Experimental design -- 10. Analyzing experimental data -- 11. Analyzing complex designs -- 12. Quasi-experimental designs -- 13. Single-case research -- 14. Ethical issues in behavioral research -- 15. Scientific writing.
650 0 _aPsychology
_xResearch
_xMethodology.
942 _cBK